1514 1726 1829 1091 1949 1750 1562 1424 1213 1364 1317 1109 1532 1807 1101 1507 1654 1135 1109 1886 1574 1243 1407 1410 1460 1402 1960 1738 1116 1066 1614 1834 1807 1750 1196 1975 1270 1906 1886 1297 1090 1123 1210 1541 1405 1544 1182 1286 1346 1905 1671 1313 1097 1618 1536 1328 1615 1676 1312 1150 1825 1737 1071 1996 1059 1962 1780 1672 1494 1859 1205 1656 1637 1645 1548 1666 1489 1379 1426 1980 1274 1216 1215 1931 1178 1739 1976 1204 1727 1562 1644 1647 1631 1695 1400 1542 1614 1728 1646 BCNSPRNW ULIB Ver.6.0+V

เปลี่ยนเป็นภาษาไทย

Change to English
 แสดงรายละเอียดบรรณานุกรม
  กลับหน้าหลัก

Brief Record : Get Marc (ISO 2709) : E-mail record : QR code < ปิดหน้าต่าง
LEADER : 00000nam 2200000uu 4500
001    13399128760
003     ULIB
008    240828s2562||||th 000 0 tha d
020    ^a9786165652339
060    ^aWP840^bด148ร
100    ^aดลฤดี สองทิศ
245    ^aโรคเต้านม จากทฤษฎีสู่เวชปฏิบัติ CLINICAL SCENARIOS IN BREAST DISEASE
250    ^aพิมพ์ครั้งที่ 1
260    ^aนครปฐม :^bห้างหุ้นส่วนจำกัด สินทวีกิจ พริ้นติ้ง,^c2562
300    ^a243 หน้า^bภาพประกอบ, ตาราง, ภาคผนวก
650    ^aเต้านม, โรค^xเวชปฏิบัติ
650    ^aโรคเต้านม
945    ^p420^l0^i010718
945    ^p420^l0^i010719
945    ^p420^l0^i010720
945    ^p420^l0^i010721
945    ^p420^l0^i010722
999    ^aประนอม เกษจรัล
รายการนี้ยังไม่มีแท็ก
คุณยังไม่ได้ล็อกอิน คุณสามารถมีกิจกรรมร่วมกับเว็บไซต์ได้ แต่ต้องล็อกอินก่อน ::
  ล็อกอิน

รายการสื่อสารสนเทศ

ลำดับที่ ประเภท เลขเรียก/บาร์โค้ด สถานที่ สถานะ
1. วิทยาศาสตร์การแพทย์ และสุขภาพ
หนังสือสำรอง
สถานะ=หนังสือสำรอง
WP840 ด148ร ฉ.1 
  Barcode: 010718
ห้องสมุดวิทยาเขตสวรรค์ประชารักษ์
►หนังสือทั่วไป
บนชั้น
2. วิทยาศาสตร์การแพทย์ และสุขภาพ
วิทยาศาสตร์การแพทย์ และสุขภาพ
WP840 ด148ร ฉ.2 
  Barcode: 010719
ห้องสมุดวิทยาเขตสวรรค์ประชารักษ์
►หนังสือทั่วไป
บนชั้น
3. วิทยาศาสตร์การแพทย์ และสุขภาพ
วิทยาศาสตร์การแพทย์ และสุขภาพ
WP840 ด148ร ฉ.3 
  Barcode: 010720
ห้องสมุดวิทยาเขตสวรรค์ประชารักษ์
►หนังสือทั่วไป
บนชั้น
4. วิทยาศาสตร์การแพทย์ และสุขภาพ
วิทยาศาสตร์การแพทย์ และสุขภาพ
WP840 ด148ร ฉ.4 
  Barcode: 010721
ห้องสมุดวิทยาเขตสวรรค์ประชารักษ์
►หนังสือทั่วไป
บนชั้น
5. วิทยาศาสตร์การแพทย์ และสุขภาพ
วิทยาศาสตร์การแพทย์ และสุขภาพ
WP840 ด148ร ฉ.5 
  Barcode: 010722
ห้องสมุดวิทยาเขตสวรรค์ประชารักษ์
►หนังสือทั่วไป
บนชั้น

รายการใกล้เคียง
    ชื่อเรื่อง [โรคเต้านม จากทฤษฎีสู่เวชปฏิบัติ CLINICAL SCENARIOS IN BREAST DISEASE]

    ผู้แต่ง [ดลฤดี สองทิศ]

    หัวเรื่อง [โรคเต้านม]

BibComment


ยังไม่เคยถูกคอมเมนท์

คอมเมนท์ทรัพยากรรายการนี้
  คอมเมนท์: โรคเต้านม จากทฤษ..


 Copyright 2026. Bcnsprnw @Library